Quantum measurement by Vladimir B Braginsky and Farid Ya Khalili. Ed by Kip S Thorne (Record no. 1211579)

MARC details
000 -LEADER
fixed length control field 01114nam a2200301Ia 4500
003 - CONTROL NUMBER IDENTIFIER
control field OSt
005 - DATE AND TIME OF LATEST TRANSACTION
control field 20221007123235.0
008 - FIXED-LENGTH DATA ELEMENTS--GENERAL INFORMATION
fixed length control field 221006b |||||||| |||| 00| 0 eng d
020 ## - INTERNATIONAL STANDARD BOOK NUMBER
International Standard Book Number 0521484138 (pbk)
037 ## - SOURCE OF ACQUISITION
Terms of availability Textual
040 ## - CATALOGING SOURCE
Original cataloging agency PAPL
Transcribing agency PAPL
Language of cataloging eng
041 ## - LANGUAGE CODE
Source of code eng
Language code of text/sound track or separate title eng
100 ## - MAIN ENTRY--PERSONAL NAME
Personal name Braginsky Vladimir B
9 (RLIN) 716936
245 #0 - TITLE STATEMENT
Title Quantum measurement by Vladimir B Braginsky and Farid Ya Khalili. Ed by Kip S Thorne
Remainder of title Khalili Farid Ya Thorne Kip S Ed
260 ## - PUBLICATION, DISTRIBUTION, ETC.
Place of publication, distribution, etc. Cambridge
Name of publisher, distributor, etc. Cambridge University Press
Date of publication, distribution, etc. 1995
300 ## - PHYSICAL DESCRIPTION
Extent xviii,191p
Dimensions cm.
500 ## - GENERAL NOTE
General note Paper back edition, with corrections; ; 95-96/607^b1996-03-22^cP/67^d1996-03-01^eNavayug Traders^g1996-03-22; ; 1996-04-04^bSB^c1996-04-12
650 ## - SUBJECT ADDED ENTRY--TOPICAL TERM
Topical term or geographic name entry element Quantum theory
9 (RLIN) 612792
650 ## - SUBJECT ADDED ENTRY--TOPICAL TERM
Topical term or geographic name entry element Physics
700 ## - ADDED ENTRY--PERSONAL NAME
Personal name Khalili Farid Ya
9 (RLIN) 716937
700 ## - ADDED ENTRY--PERSONAL NAME
Personal name Thorne Kip S Ed
9 (RLIN) 716938
942 ## - ADDED ENTRY ELEMENTS (KOHA)
Classification part CN1, N5
Koha item type Textual
Source of classification or shelving scheme Colon Classification (CC)
Holdings
Withdrawn status Lost status Source of classification or shelving scheme Damaged status Not for loan Home library Current library Date acquired Source of acquisition Total Checkouts Full call number Barcode Date last seen Price effective from Koha item type
    Colon Classification (CC)     Department of Physics and Astrophysics Library Department of Physics and Astrophysics Library 2022-10-07 Navauug,   CN1 N5 PA0005114 2022-10-07 2022-10-07 Textual
Copyright @ Delhi University Library System